000 00307nam a2200121Ia 4500
008 191201s2018 xx 000 0 und d
100 _aTatiya,A.V & Other
245 0 _aHerbal Cosmeceuticals-I
260 _bNirali Prakashan
_aNew Delhi
_c2018
300 _aMisc.
650 _aPharmacognosy
942 _2ddc
_cBK
999 _c8336
_d8336